[Event "Secondario 15th"]
[Site "Caorle"]
[Date "1990.07.13"]
[Round "7.50"]
[White "Rigatti, Giorgio"]
[Black "Massaro, Olav"]
[Result "1-0"]
[WhiteElo "1800"]
[BlackElo "1800"]
[PlyCount "27"]
[EventDate "1990.07.07"]
[EventType "swiss"]
[EventRounds "8"]
[EventCountry "ITA"]
[SourceTitle "EXT 2023"]
[Source "ChessBase"]
[SourceDate "2022.10.05"]
[SourceVersion "1"]
[SourceVersionDate "2022.10.05"]
[SourceQuality "1"]

1. e4 c5 2. Nf3 d6 3. d4 cxd4 4. Nxd4 Nf6 5. Nc3 a6 6. Bc4 e6 7. Bb3 b5 8. f4 Bb7 9. e5 dxe5 10. fxe5 Bc5 11. Be3 Nc6 12. Nxc6 Qxd1+ 13. Nxd1 Bxe3 14. Nxe3 1-0

[Event "Secondario 15th"]
[Site "Caorle"]
[Date "1990.07.10"]
[Round "4.34"]
[White "Mambrini, Augusto"]
[Black "Massaro, Olav"]
[Result "1-0"]
[WhiteElo "1970"]
[BlackElo "1800"]
[PlyCount "56"]
[EventDate "1990.07.07"]
[EventType "swiss"]
[EventRounds "8"]
[EventCountry "ITA"]
[SourceTitle "EXT 2023"]
[Source "ChessBase"]
[SourceDate "2022.10.05"]
[SourceVersion "1"]
[SourceVersionDate "2022.10.05"]
[SourceQuality "1"]

1. d4 Nf6 2. c4 c5 3. Nf3 g6 4. Nc3 Bg7 5. e4 cxd4 6. Nxd4 d6 7. Be2 Nc6 8. Be3 0-0 9. 0-0 Nxd4 10. Bxd4 Be6 11. f3 Qa5 12. Rc1 Rfc8 13. b3 a6 14. Qd3 Rc6 15. Nd5 Qd8 16. Nxf6+ Bxf6 17. Bxf6 exf6 18. Qd4 f5 19. Bd3 Qa5 20. exf5 Bxf5 21. Bxf5 Qxf5 22. Rfe1 Qa5 23. Re2 Rac8 24. Rce1 Qd8 25. a4 d5 26. cxd5 Rc1 27. Rxc1 Rxc1+ 28. Kf2 Qh4+ 1-0

[Event "Secondario 15th"]
[Site "Caorle"]
[Date "1990.07.08"]
[Round "2.23"]
[White "Massaro, Olav"]
[Black "Genna, Jose Miguel"]
[Result "1/2-1/2"]
[WhiteElo "1800"]
[BlackElo "2000"]
[PlyCount "53"]
[EventDate "1990.07.07"]
[EventType "swiss"]
[EventRounds "8"]
[EventCountry "ITA"]
[SourceTitle "EXT 2023"]
[Source "ChessBase"]
[SourceDate "2022.10.05"]
[SourceVersion "1"]
[SourceVersionDate "2022.10.05"]
[SourceQuality "1"]

1. e4 e6 2. d4 d5 3. Nd2 Nf6 4. e5 Nfd7 5. Bd3 c5 6. c3 Nc6 7. Ne2 Qb6 8. Nf3 cxd4 9. cxd4 f6 10. exf6 Nxf6 11. 0-0 Bd6 12. Nc3 0-0 13. Be3 Bd7 14. a3 Rac8 15. Rc1 Na5 16. b4 Nc4 17. Bxc4 Rxc4 18. Ne5 Rcc8 19. Nxd7 Nxd7 20. Qg4 Bb8 21. Nxd5 Qd6 22. Nf4 Rce8 23. g3 Nf6 24. Qd1 b6 25. Qb3 Qd7 26. Rc2 Bxf4 27. Bxf4 1/2-1/2

[Event "Secondario 15th"]
[Site "Caorle"]
[Date "1990.07.07"]
[Round "1.22"]
[White "Malvinski, Viktor"]
[Black "Massaro, Olav"]
[Result "1/2-1/2"]
[WhiteElo "2000"]
[BlackElo "1800"]
[PlyCount "144"]
[EventDate "1990.07.07"]
[EventType "swiss"]
[EventRounds "8"]
[EventCountry "ITA"]
[SourceTitle "EXT 2023"]
[Source "ChessBase"]
[SourceDate "2022.10.05"]
[SourceVersion "1"]
[SourceVersionDate "2022.10.05"]
[SourceQuality "1"]

1. e4 c5 2. Nc3 Nc6 3. g3 g6 4. Bg2 Bg7 5. d3 e6 6. Be3 d6 7. f4 Nge7 8. Nf3 Rb8 9. 0-0 Nd4 10. e5 Nef5 11. Bf2 Nxf3+ 12. Bxf3 Nd4 13. exd6 Qxd6 14. Ne4 Qc7 15. Bg2 b6 16. c3 Nc6 17. Qe2 0-0 18. g4 e5 19. f5 gxf5 20. gxf5 Bxf5 21. Bh4 Bg6 22. Bf6 Nd8 23. h4 Ne6 24. h5 Nf4 25. Rxf4 exf4 26. hxg6 hxg6 27. Rf1 Rfe8 28. Qg4 Re6 29. Qxf4 Qxf4 30. Rxf4 Bxf6 31. Nxf6+ Kg7 32. Ne4 f5 33. Ng3 Re3 34. Rf3 Rbe8 35. Kf2 Re1 36. d4 cxd4 37. cxd4 Rd1 38. Ra3 Re7 39. d5 Rd2+ 40. Kf1 Rc7 41. Ne2 Rcc2 42. Re3 Rxb2 43. a3 Kf6 44. Re6+ Kf7 45. a4 Ra2 46. Nc1 Ra1 47. Rc6 Rd4 48. Ke2 Raxa4 49. Nb3 Ra2+ 50. Ke3 Rb4 51. Rc7+ Kf6 52. Rc6+ Ke7 53. d6+ Kd7 54. Nd2 Rxd2 55. Kxd2 Rb2+ 56. Rc2 Rxc2+ 57. Kxc2 Kxd6 58. Kd3 Kc5 59. Kc3 b5 60. Bf3 a5 61. Be2 f4 62. Bf3 b4+ 63. Kc2 Kd4 64. Kd2 a4 65. Bd1 b3 66. Kc1 Kc3 67. Kb1 Kd2 68. Bg4 Ke3 69. Bd7 a3 70. Be6 b2 71. Ka2 f3 72. Bh3 Ke2 1/2-1/2